| 000 | 00834nam a22002297a 4500 | ||
|---|---|---|---|
| 999 |
_c6446 _d6446 |
||
| 003 | AR-CdUCM | ||
| 008 | 190315b ||||| |||| 00| 0 spa d | ||
| 020 | _a978-1-4031-4746-2 | ||
| 040 |
_aMUNICIPALIDAD PROVINCIAL DEL CUSCO _cBIBLIOTECA MUNICIPAL DEL CUSCO |
||
| 041 | _heng | ||
| 082 |
_a080 / _bH85 |
||
| 100 |
_aHubbard, Ronal L. _918228 |
||
| 245 |
_aScientology : _bun nuevo punto de vista sobre la vida / |
||
| 260 |
_aCalifornia : _bBridge publications, _c2007. |
||
| 300 |
_a373 paginas ; _bIlustraciones, _c24.5 cm. |
||
| 505 | _aIntegridad personal -- Una descripción de scientology -- Como estudiar scientology -- La búsqueda del hombre en pos de su alma ... | ||
| 650 |
_aconsciencia _918280 |
||
| 650 |
_aMentalidad humana _918284 |
||
| 650 |
_aIntegridad personal _918287 |
||
| 942 |
_2ddc _cLIBROS |
||
| 945 | _aacv | ||